Top Agricultural Crops of US States Quiz Stats

 Plays Quiz Updated Jul 7, 2018

Challenge
Share
Tweet
Score 0/50 Timer 05:00
1 Play Today
% Correct
CO-wheat
95.7%
TX-wheat
95.7%
MT-wheat
95.7%
DE-wheat
95.7%
IL-wheat
95.7%
IN-wheat
95.7%
IA-wheat
95.7%
KS-wheat
95.7%
KY-wheat
95.7%
MD-wheat
95.7%
MI-wheat
95.7%
MN-wheat
95.7%
MO-wheat
95.7%
NE-wheat
95.7%
NV-wheat
95.7%
ND-wheat
95.7%
NC-wheat
95.7%
OH-wheat
95.7%
OK-wheat
95.7%
OR-wheat
95.7%
SD-wheat
95.7%
TN-wheat
95.7%
UT-wheat
95.7%
VA-wheat
95.7%
CT-corn
95.6%
% Correct
RI-corn
95.6%
FL-oranges
86.5%
WA-apples
81.4%
NH-apples
81.4%
NY-apples
81.4%
WV-apples
81.4%
ID-potatoes
79.5%
AK-potatoes
79.5%
ME-potatoes
79.5%
WI-potatoes
79.5%
CA-grapes
62.4%
AR-rice
59.2%
MS-rice
59.2%
HI-sugarcane
44.2%
LA-sugarcane
44.2%
AZ-lettuce
43.4%
AL-peanuts
39.9%
GA-peanuts
39.9%
SC-peanuts
39.9%
MA-cranberries
39.9%
WY-beans
39.8%
NJ-blueberries
39.4%
VT-maple syrup
29.2%
NM-pecans
28.3%
PA-mushrooms
10.4%

You're not logged in!

Compare scores with friends on all Sporcle quizzes.
Join for Free
OR
Log In

You Might Also Like...

Show Comments

Extras

Top Quizzes Today


Score Distribution

Your Account Isn't Verified!

In order to create a playlist on Sporcle, you need to verify the email address you used during registration. Go to your Sporcle Settings to finish the process.

Report this User

Report this user for behavior that violates our Community Guidelines.

Details: